000
00268nam a2200109 4500
008
160622b xxu||||| |||| 00| 0 eng d
100
_9
485
_a
Kipling, R
245
_a
The Jungle Book
260
_a
Orient longman Bombay
_c
1968
300
_a
The Jungle Book
942
_2
ddc
_c
BK
999
_c
403
_d
403